Who's Talking to Arya? Quiz Stats

 Plays Quiz Updated Jan 8, 2015

Challenge
Share
Tweet
Embed
Score 0/20 Timer 06:00
1 Play Today
Quote Character % Correct
First lesson: Stick them with the pointy end.Jon Snow
96.3%
Why would you want to ride a smelly old horse and get all sore and sweaty when you could recline on feather pillows and eat cakes with the queen?Sansa Stark
93.3%
When the snows fall and the white winds blow, the lone wolf dies, but the pack survives.Eddard Stark
91.6%
Stop trying to think up ways to kill me.Sandor Clegane
88.2%
No…don't hurt me. I'll tell my mother.Joffrey Baratheon
86.5%
All men are made of water, do you know this? When you pierce them, the water leaks out and they die.Syrio Forel
74.5%
A man pays his debts. A man owes three.Jaqen H'ghar
70.9%
A sword's a sword, a helm's a helm, and if you reach in the fire you get burned, no matter who you're serving.Gendry
68.8%
Sharna just calls me Boy. The same as she calls the other boy. It's going to be confusing.Hot Pie
66.6%
Frequent leechings are the secret of a long life. A man must purge himself of bad blood. You will do, I think.Roose Bolton
51.9%
Quote Character % Correct
Put down the stick, girl. I am a sworn brother of the Kingsguard, the White Swords.Meryn Trant
49.6%
You got a long way to go in bad company.Yoren
44.9%
Even brave men blind themselves sometimes, when they are afraid to see.Beric Dondarrion
42.3%
Life is warmth, and warmth is fire, and fire is God's and God's alone.Thoros of Myr
40.8%
There are worse things than dying with a song on your lips.Tom Sevenstrings
29.4%
My nose never lies. I can smell defiance, I can smell pride, I can smell disobedience. I catch a whiff of any such stinks, you'll answer for it.Weese
22.5%
There's a hunter now. Lumpyface Lumpyhead Rabbitkiller.Rorge
21%
I do not know who you are, child…someone important, I fear. In times like these, it is better to be insignificant.Lady Smallwood
8.2%
Now there's a weasel clever as a goat!Shagwell
4.8%
A peasant may skin a common squirrel for his pot, but if he finds a gold squirrel in his tree he takes it to his lord, or he will wish he did.Greenbeard
3.2%

You're not logged in!

Compare scores with friends on all Sporcle quizzes.
Join for Free
OR
Log In

You Might Also Like...

Show Comments

Extras

Top Quizzes Today


Score Distribution

Your Account Isn't Verified!

In order to create a playlist on Sporcle, you need to verify the email address you used during registration. Go to your Sporcle Settings to finish the process.

Report this User

Report this user for behavior that violates our Community Guidelines.

Details: